[Event "Fredericia IM 2019"]
[Site "Fredericia"]
[Date "2019.05.30"]
[Round "2.3"]
[White "Vasli, Aref"]
[Black "Pedersen, Nicolai Kvist Brondt"]
[Result "1/2-1/2"]
[WhiteElo "2346"]
[BlackElo "2325"]
[Annotator "ChessBase"]
[PlyCount "62"]
[EventDate "2019.05.29"]
[EventType "tourn"]
[EventCountry "DEN"]
[SourceTitle "playchess.com"]
[Source "ChessBase"]
[SourceQuality "1"]
[TimeControl "40/5400+30:1800+30"]

1. e4 {[%emt 0:00:00]} c5 {[%emt 0:00:00]} 2. Nf3 {[%emt 0:00:00]} e6 {[%emt 0:00:00]} 3. d4 {[%emt 0:00:17]} cxd4 {[%emt 0:00:00]} 4. Nxd4 {[%emt 0:00:07]} Nc6 {[%emt 0:00:00]} 5. Nc3 {[%emt 0:00:13]} Qc7 {[%emt 0:00:00]} 6. g3 {[%emt 0:00:08]} a6 {[%emt 0:00:11]} 7. Bg2 {[%emt 0:00:09]} d6 {[%emt 0:00:13]} 8. O-O {[%emt 0:00:20]} Bd7 {[%emt 0:00:06]} 9. Re1 {[%emt 0:06:16]} Nxd4 {[%emt 0:00:40]} 10. Qxd4 {[%emt 0:00:11]} Nf6 {[%emt 0:00:17]} 11. a4 {[%emt 0:16:52]} Be7 {[%emt 0:00:33]} 12. Be3 {[%emt 0:05:09]} O-O {[%emt 0:05:15]} 13. h3 {[%emt 0:00:36]} Bc6 {[%emt 0:04:08]} 14. a5 {[%emt 0:04:42]} Nd7 {[%emt 0:06:25]} 15. Qc4 {[%emt 0:15:59]} Rac8 {[%emt 0:03:15]} 16. Qe2 {[%emt 0:01:10]} Bf6 {[%emt 0:05:18]} 17. Red1 {[%emt 0:08:21]} Nc5 {[%emt 0:20:32]} 18. Qc4 {[%emt 0:05:43]} Nd7 {[%emt 0:11:27]} 19. Qb4 {[%emt 0:00:55]} Be7 {[%emt 0:01:15]} 20. Na4 {[%emt 0:15:00]} Bxa4 {[%emt 0:09:51]} 21. Qxa4 {[%emt 0:00:19]} Ne5 {[%emt 0:03:35]} 22. c3 {[%emt 0:00:30]} Nc4 {[%emt 0:02:28]} 23. Bc1 {[%emt 0:00:44]} Bd8 {[%emt 0:03:37]} 24. Qb4 {[%emt 0:12:50]} Nxa5 {[%emt 0:03:52]} 25. Qxd6 {[%emt 0:02:26]} Qxd6 {[%emt 0:03:29]} 26. Rxd6 {[%emt 0:00:02]} Nb3 {[%emt 0:01:00]} 27. Rb1 {[%emt 0:00:02]} Bc7 {[%emt 0:01:05]} 28. Rd1 {[%emt 0:02:35]} Nxc1 {[%emt 0:00:15]} 29. Rbxc1 {[%emt 0:00:02]} Rcd8 {[%emt 0:01:31]} 30. Kf1 {[%emt 0:00:22]} Rxd1+ {[%emt 0:00:11]} 31. Rxd1 {[%emt 0:00:08]} Rd8 {[%emt 0:00:17]} 1/2-1/2

[Event "Fredericia IM 2019"]
[Site "Fredericia"]
[Date "2019.05.30"]
[Round "2.4"]
[White "Ahlander, Bjorn"]
[Black "Easwaralingam, Adesh"]
[Result "1-0"]
[WhiteElo "2421"]
[BlackElo "2123"]
[Annotator "ChessBase"]
[PlyCount "133"]
[EventDate "2019.05.29"]
[EventType "tourn"]
[EventCountry "DEN"]
[SourceTitle "playchess.com"]
[Source "ChessBase"]
[SourceQuality "1"]
[TimeControl "40/5400+30:1800+30"]

1. d4 {[%emt 0:00:00]} Nf6 {[%emt 0:00:00]} 2. c4 {[%emt 0:00:03]} e6 {[%emt 0:00:19]} 3. Nc3 {[%emt 0:00:30]} Bb4 {[%emt 0:00:30]} 4. e3 {[%emt 0:00:30]} O-O {[%emt 0:00:44]} 5. Bd3 {[%emt 0:00:54]} d5 {[%emt 0:02:16]} 6. Nf3 {[%emt 0:00:45]} dxc4 {[%emt 0:00:55]} 7. Bxc4 {[%emt 0:00:03]} Nbd7 {[%emt 0:01:57]} 8. O-O {[%emt 0:01:04]} c5 {[%emt 0:00:28]} 9. a3 {[%emt 0:01:36]} Bxc3 {[%emt 0:00:34]} 10. bxc3 {[%emt 0:00:03]} b6 {[%emt 0:02:44]} 11. a4 {[%emt 0:06:17]} Qc7 {[%emt 0:04:20]} 12. Be2 {[%emt 0:06:29]} a6 {[%emt 0:09:06]} 13. Ba3 {[%emt 0:00:36]} Rd8 {[%emt 0:04:47]} 14. Qb3 {[%emt 0:01:59]} Bb7 {[%emt 0:05:07]} 15. Rfd1 {[%emt 0:00:16]} Rdb8 {[%emt 0:12:31]} 16. c4 {[%emt 0:03:49]} Rd8 {[%emt 0:04:21]} 17. Bb2 {[%emt 0:03:01]} Rab8 {[%emt 0:06:47]} 18. Rac1 {[%emt 0:02:25]} h6 {[%emt 0:06:20]} 19. h3 {[%emt 0:00:08]} Rbc8 {[%emt 0:00:54]} 20. d5 {[%emt 0:01:18]} exd5 {[%emt 0:01:12]} 21. cxd5 {[%emt 0:00:05]} Qd6 {[%emt 0:02:03]} 22. Nh4 {[%emt 0:05:12]} Bxd5 {[%emt 0:06:52]} 23. Qc3 {[%emt 0:01:17]} Qf8 {[%emt 0:03:03]} 24. Bxa6 {[%emt 0:03:44]} Ra8 {[%emt 0:01:37]} 25. Bb5 {[%emt 0:00:04]} Be6 {[%emt 0:03:49]} 26. Qc2 {[%emt 0:03:52]} Qe7 {[%emt 0:02:06]} 27. e4 {[%emt 0:07:13]} Rac8 {[%emt 0:05:48]} 28. Re1 {[%emt 0:01:12]} Nh5 {[%emt 0:03:45]} 29. Nf3 {[%emt 0:03:20]} Nf4 {[%emt 0:01:54]} 30. Qd2 {[%emt 0:02:43]} Ng6 {[%emt 0:01:13]} 31. Qe3 {[%emt 0:00:03]} Nf6 {[%emt 0:01:59]} 32. Nd2 {[%emt 0:00:51]} Nh5 {[%emt 0:00:59]} 33. Nc4 {[%emt 0:02:27]} Bxc4 {[%emt 0:01:03]} 34. Bxc4 {[%emt 0:00:05]} Ne5 {[%emt 0:00:03]} 35. Bd5 {[%emt 0:06:49]} Nf6 {[%emt 0:00:53]} 36. Qb3 {[%emt 0:01:13]} c4 {[%emt 0:02:58]} 37. Bxc4 {[%emt 0:02:00]} Nfd7 {[%emt 0:00:40]} 38. Bb5 {[%emt 0:09:23]} Rxc1 {[%emt 0:00:43]} 39. Rxc1 {[%emt 0:00:35]} Nc5 {[%emt 0:00:15]} 40. Qg3 {[%emt 0:00:09]} Ng6 {[%emt 0:01:34]} 41. Qc3 {[%emt 0:43:16]} Ne6 {[%emt 0:06:14]} 42. Qe3 {[%emt 0:00:00]} Ngf4 {[%emt 0:05:21]} 43. Kh2 {[%emt 0:00:00]} Qd6 {[%emt 0:01:10]} 44. Ba3 {[%emt 0:00:00]} Qd2 {[%emt 0:05:41]} 45. Qxd2 {[%emt 0:00:00]} Rxd2 {[%emt 0:00:05]} 46. Rf1 {[%emt 0:00:00]} Nd3 {[%emt 0:01:40]} 47. Kg3 {[%emt 0:00:00]} Nec5 {[%emt 0:01:51]} 48. f3 {[%emt 0:08:03]} Nxa4 {[%emt 0:05:14]} 49. Bxa4 {[%emt 0:00:37]} Ra2 {[%emt 0:00:03]} 50. Rb1 {[%emt 0:00:32]} Rxa3 {[%emt 0:00:05]} 51. Bc2 {[%emt 0:00:03]} Nc5 {[%emt 0:01:08]} 52. Rxb6 {[%emt 0:00:29]} Ra2 {[%emt 0:00:14]} 53. Bb1 {[%emt 0:02:41]} Rd2 {[%emt 0:01:08]} 54. h4 {[%emt 0:00:34]} h5 {[%emt 0:01:12]} 55. Rb5 {[%emt 0:01:36]} Ne6 {[%emt 0:00:05]} 56. Ra5 {[%emt 0:00:30]} g6 {[%emt 0:00:56]} 57. Ba2 {[%emt 0:00:13]} Nd4 {[%emt 0:00:42]} 58. Ra8+ {[%emt 0:02:23]} Kg7 {[%emt 0:00:26]} 59. Ra7 {[%emt 0:00:03]} Ne2+ {[%emt 0:00:51]} 60. Kh2 {[%emt 0:00:09]} Kf6 {[%emt 0:00:56]} 61. Rxf7+ {[%emt 0:00:45]} Ke5 {[%emt 0:00:04]} 62. Bc4 {[%emt 0:00:46]} Nf4 {[%emt 0:01:03]} 63. Bf1 {[%emt 0:00:06]} Rd1 {[%emt 0:01:01]} 64. Kg1 {[%emt 0:00:17]} Ne2+ {[%emt 0:00:34]} 65. Kf2 {[%emt 0:00:09]} Nf4 {[%emt 0:00:27]} 66. g3 {[%emt 0:00:53]} Rd2+ {[%emt 0:00:25]} 67. Ke3 {[%emt 0:00:59]} 1-0

[Event "Fredericia IM 2019"]
[Site "Fredericia"]
[Date "2019.05.30"]
[Round "2.4"]
[White "Ahlander, Bjorn"]
[Black "Easwaralingam, Adesh"]
[Result "*"]
[WhiteElo "2421"]
[BlackElo "2123"]
[Annotator "TA"]
[PlyCount "40"]
[EventDate "2019.05.29"]
[EventType "tourn"]
[EventCountry "DEN"]
[SourceTitle "playchess.com"]
[Source "ChessBase"]
[SourceQuality "1"]

{[%evp 18,19,34,41]} 1. d4 Nf6 2. c4 e6 3. Nc3 Bb4 4. e3 O-O 5. Bd3 d5 6. Nf3 dxc4 7. Bxc4 Nbd7 8. O-O c5 9. a3 Bxc3 10. bxc3 {Predecessor:} b6 $146 11. Re1 Bb7 12. Bd3 Be4 13. Bf1 Bb7 14. Nd2 e5 15. Bb2 Qc7 16. e4 exd4 17. cxd4 cxd4 18. Rc1 Nc5 19. Bxd4 Qe7 20. Bxc5 bxc5 {1-0 (30) Lenic,L (2659)-Ghaem Maghami,E (2582) Dubai 2014} *

[Event "Fredericia IM 2019"]
[Site "Fredericia"]
[Date "2019.05.30"]
[Round "2.5"]
[White "Jacobsen, Mikkel Manosri"]
[Black "Olsen, Filip Boe"]
[Result "1/2-1/2"]
[WhiteElo "2319"]
[BlackElo "2394"]
[Annotator "ChessBase"]
[PlyCount "116"]
[EventDate "2019.05.29"]
[EventType "tourn"]
[EventCountry "DEN"]
[SourceTitle "playchess.com"]
[Source "ChessBase"]
[SourceQuality "1"]
[TimeControl "40/5400+30:1800+30"]

1. Nf3 {[%emt 0:00:00]} d5 {[%emt 0:00:16]} 2. b3 {[%emt 0:00:00]} c5 {[%emt 0:00:09]} 3. Bb2 {[%emt 0:00:00]} Nc6 {[%emt 0:00:13]} 4. e3 {[%emt 0:00:00]} a6 {[%emt 0:00:32]} 5. d4 {[%emt 0:01:03]} cxd4 {[%emt 0:00:39]} 6. exd4 {[%emt 0:00:08]} Nf6 {[%emt 0:00:48]} 7. Be2 {[%emt 0:03:28]} Bf5 {[%emt 0:02:27]} 8. Nh4 {[%emt 0:01:01]} Bc8 {[%emt 0:01:51]} 9. Nd2 {[%emt 0:02:29]} e6 {[%emt 0:02:23]} 10. Nhf3 {[%emt 0:00:43]} Bd6 {[%emt 0:00:45]} 11. O-O {[%emt 0:01:11]} O-O {[%emt 0:01:23]} 12. c4 {[%emt 0:01:33]} dxc4 {[%emt 0:04:48]} 13. bxc4 {[%emt 0:00:14]} b6 {[%emt 0:10:46]} 14. Rb1 {[%emt 0:04:50]} Qc7 {[%emt 0:07:28]} 15. Re1 {[%emt 0:06:08]} Rb8 {[%emt 0:18:33]} 16. Bf1 {[%emt 0:07:57]} b5 {[%emt 0:08:53]} 17. d5 {[%emt 0:03:50]} Ng4 {[%emt 0:09:54]} 18. g3 {[%emt 0:19:58]} Na5 {[%emt 0:12:36]} 19. Ne4 {[%emt 0:18:41]} Nxc4 {[%emt 0:04:57]} 20. Bxc4 {[%emt 0:00:36]} bxc4 {[%emt 0:00:24]} 21. h3 {[%emt 0:00:10]} c3 {[%emt 0:02:12]} 22. Bxc3 {[%emt 0:03:57]} Rxb1 {[%emt 0:00:19]} 23. Qxb1 {[%emt 0:00:07]} exd5 {[%emt 0:02:12]} 24. Nxd6 {[%emt 0:12:06]} Qxc3 {[%emt 0:00:46]} 25. Ng5 {[%emt 0:04:00]} Nf6 {[%emt 0:00:55]} 26. Rc1 {[%emt 0:02:15]} Qe5 {[%emt 0:03:32]} 27. Ngxf7 {[%emt 0:01:55]} Qe6 {[%emt 0:01:33]} 28. Rxc8 {[%emt 0:03:00]} Rxc8 {[%emt 0:00:05]} 29. Nxc8 {[%emt 0:00:06]} Kxf7 {[%emt 0:01:15]} 30. Qb7+ {[%emt 0:01:14]} Kg6 {[%emt 0:00:33]} 31. Ne7+ {[%emt 0:00:12]} Kh6 {[%emt 0:00:32]} 32. Qb4 {[%emt 0:01:39]} d4 {[%emt 0:01:14]} 33. Qd2+ {[%emt 0:00:26]} g5 {[%emt 0:00:12]} 34. h4 {[%emt 0:00:56]} Ne4 {[%emt 0:00:21]} 35. hxg5+ {[%emt 0:00:05]} Nxg5 {[%emt 0:00:18]} 36. Qb4 {[%emt 0:01:28]} a5 {[%emt 0:01:08]} 37. Qc5 {[%emt 0:00:02]} Qe1+ {[%emt 0:00:13]} 38. Kg2 {[%emt 0:00:09]} Qe4+ {[%emt 0:00:25]} 39. Kf1 {[%emt 0:01:05]} Qh1+ {[%emt 0:01:01]} 40. Ke2 {[%emt 0:00:02]} Qf3+ {[%emt 0:00:52]} 41. Kf1 {[%emt 0:30:02]} Qh1+ {[%emt 0:13:03]} 42. Ke2 {[%emt 0:00:00]} Qh5+ {[%emt 0:01:20]} 43. Kf1 {[%emt 0:00:00]} Qh3+ {[%emt 0:02:18]} 44. Ke2 {[%emt 0:00:00]} Qe6+ {[%emt 0:00:46]} 45. Kd1 {[%emt 0:00:00]} Ne4 {[%emt 0:02:37]} 46. Qc6 {[%emt 0:00:00]} Nxf2+ {[%emt 0:00:46]} 47. Kc1 {[%emt 0:00:00]} Qxc6+ {[%emt 0:02:32]} 48. Nxc6 {[%emt 0:00:00]} Nd3+ {[%emt 0:03:12]} 49. Kd2 {[%emt 0:00:00]} Nb4 {[%emt 0:00:12]} 50. Nxa5 {[%emt 0:00:00]} Nxa2 {[%emt 0:00:06]} 51. Nc6 {[%emt 0:00:00]} Nc3 {[%emt 0:00:07]} 52. Kd3 {[%emt 0:00:00]} Nb5 {[%emt 0:00:08]} 53. Nxd4 {[%emt 0:00:00]} Nxd4 {[%emt 0:00:01]} 54. Kxd4 {[%emt 0:00:00]} Kg5 {[%emt 0:00:07]} 55. Ke3 {[%emt 0:00:00]} Kg4 {[%emt 0:00:06]} 56. Kf2 {[%emt 0:00:00]} h5 {[%emt 0:00:04]} 57. Kg2 {[%emt 0:00:00]} h4 {[%emt 0:00:04]} 58. gxh4 {[%emt 0:00:00]} Kxh4 {[%emt 0:00:04]} 1/2-1/2

[Event "Fredericia IM 2019"]
[Site "Fredericia"]
[Date "2019.05.30"]
[Round "3.2"]
[White "Pedersen, Nicolai Kvist Brondt"]
[Black "Devereaux, Maxim L"]
[Result "1-0"]
[WhiteElo "2325"]
[BlackElo "2342"]
[Annotator "ChessBase"]
[PlyCount "69"]
[EventDate "2019.05.29"]
[EventType "tourn"]
[EventCountry "DEN"]
[SourceTitle "playchess.com"]
[Source "ChessBase"]
[SourceQuality "1"]
[TimeControl "40/5400+30:1800+30"]

1. d4 {[%emt 0:00:00]} Nf6 {[%emt 0:00:00]} 2. Nf3 {[%emt 0:00:00]} e6 {[%emt 0:00:00]} 3. c4 {[%emt 0:00:00]} d5 {[%emt 0:00:07]} 4. g3 {[%emt 0:00:00]} dxc4 {[%emt 0:00:17]} 5. Bg2 {[%emt 0:00:13]} a6 {[%emt 0:00:13]} 6. Ne5 {[%emt 0:03:06]} c5 {[%emt 0:02:22]} 7. Na3 {[%emt 0:00:49]} cxd4 {[%emt 0:08:25]} 8. Naxc4 {[%emt 0:00:06]} Bb4+ {[%emt 0:00:45]} 9. Bd2 {[%emt 0:00:52]} Bxd2+ {[%emt 0:01:04]} 10. Qxd2 {[%emt 0:00:25]} O-O {[%emt 0:00:50]} 11. O-O {[%emt 0:01:36]} Nc6 {[%emt 0:16:04]} 12. Nxc6 {[%emt 0:04:18]} bxc6 {[%emt 0:00:10]} 13. Rfd1 {[%emt 0:00:24]} Rb8 {[%emt 0:01:08]} 14. Qxd4 {[%emt 0:01:32]} Qxd4 {[%emt 0:06:00]} 15. Rxd4 {[%emt 0:02:23]} c5 {[%emt 0:01:40]} 16. Rd6 {[%emt 0:09:09]} Ne8 {[%emt 0:21:54]} 17. Rb6 {[%emt 0:06:12]} Rxb6 {[%emt 0:02:09]} 18. Nxb6 {[%emt 0:00:02]} Nf6 {[%emt 0:00:38]} 19. Rc1 {[%emt 0:03:26]} Bd7 {[%emt 0:00:41]} 20. Rxc5 {[%emt 0:02:09]} Bb5 {[%emt 0:06:34]} 21. Kf1 {[%emt 0:07:23]} g6 {[%emt 0:04:07]} 22. Ke1 {[%emt 0:05:15]} Ng4 {[%emt 0:05:54]} 23. h3 {[%emt 0:03:22]} Nf6 {[%emt 0:00:19]} 24. b3 {[%emt 0:03:17]} Kg7 {[%emt 0:03:21]} 25. Rc8 {[%emt 0:02:27]} Rxc8 {[%emt 0:01:57]} 26. Nxc8 {[%emt 0:00:07]} e5 {[%emt 0:02:24]} 27. Bb7 {[%emt 0:04:18]} Ne8 {[%emt 0:04:55]} 28. a4 {[%emt 0:04:11]} Bd7 {[%emt 0:00:35]} 29. Bxa6 {[%emt 0:00:22]} Bxh3 {[%emt 0:01:14]} 30. Bb7 {[%emt 0:03:46]} Bxc8 {[%emt 0:03:10]} 31. Bxc8 {[%emt 0:00:16]} Nd6 {[%emt 0:00:05]} 32. Bd7 {[%emt 0:01:47]} Kf6 {[%emt 0:01:18]} 33. a5 {[%emt 0:01:21]} Ke7 {[%emt 0:00:05]} 34. a6 {[%emt 0:00:59]} Kxd7 {[%emt 0:00:05]} 35. a7 {[%emt 0:00:06]} 1-0

[Event "Fredericia IM 2019"]
[Site "Fredericia"]
[Date "2019.05.30"]
[Round "3.3"]
[White "Fries-Nielsen, Niels Jorgen"]
[Black "Jacobsen, Mikkel Manosri"]
[Result "1/2-1/2"]
[WhiteElo "2328"]
[BlackElo "2319"]
[Annotator "ChessBase"]
[PlyCount "61"]
[EventDate "2019.05.29"]
[EventType "tourn"]
[EventCountry "DEN"]
[SourceTitle "playchess.com"]
[Source "ChessBase"]
[SourceQuality "1"]
[TimeControl "40/5400+30:1800+30"]

1. Nf3 d5 2. c4 e6 3. g3 Nf6 4. Bg2 Be7 5. O-O O-O 6. d3 c6 7. b3 a5 8. a3 Nbd7 9. Nc3 Re8 10. Bb2 Bf8 11. Qc2 Qb6 12. d4 {[%emt 0:27:40]} Qa6 {[%emt 0:22:43]} 13. c5 {[%emt 0:07:25]} b6 {[%emt 0:04:16]} 14. b4 {[%emt 0:04:29]} bxc5 {[%emt 0:02:00]} 15. bxc5 {[%emt 0:00:11]} Rb8 {[%emt 0:01:49]} 16. Rab1 {[%emt 0:02:47]} Be7 {[%emt 0:01:55]} 17. Rfe1 {[%emt 0:01:52]} Qa8 {[%emt 0:07:47]} 18. Bc1 {[%emt 0:16:49]} Rxb1 {[%emt 0:00:52]} 19. Qxb1 {[%emt 0:00:02]} Ba6 {[%emt 0:01:34]} 20. Bf4 {[%emt 0:02:00]} Nf8 {[%emt 0:05:50]} 21. Qc2 {[%emt 0:10:13]} N6d7 {[%emt 0:02:08]} 22. Rb1 {[%emt 0:01:11]} f6 {[%emt 0:01:42]} 23. e4 {[%emt 0:02:54]} g5 {[%emt 0:08:29]} 24. Be3 {[%emt 0:04:34]} Rb8 {[%emt 0:03:41]} 25. exd5 {[%emt 0:01:17]} Rxb1+ {[%emt 0:00:40]} 26. Qxb1 {[%emt 0:00:20]} cxd5 {[%emt 0:00:39]} 27. Nd2 {[%emt 0:02:50]} Bb7 {[%emt 0:02:40]} 28. Qb3 {[%emt 0:03:54]} Ng6 {[%emt 0:03:53]} 29. Bf1 {[%emt 0:03:20]} f5 {[%emt 0:02:18]} 30. f3 {[%emt 0:00:51]} Kg7 {[%emt 0:03:54]} 31. Bf2 {[%emt 0:01:12]} 1/2-1/2

[Event "Fredericia IM 2019"]
[Site "Fredericia"]
[Date "2019.05.30"]
[Round "3.4"]
[White "Easwaralingam, Adesh"]
[Black "Vasli, Aref"]
[Result "0-1"]
[WhiteElo "2123"]
[BlackElo "2346"]
[Annotator "ChessBase"]
[PlyCount "78"]
[EventDate "2019.05.29"]
[EventType "tourn"]
[EventCountry "DEN"]
[SourceTitle "playchess.com"]
[Source "ChessBase"]
[SourceQuality "1"]
[TimeControl "40/5400+30:1800+30"]

1. e4 {[%emt 0:00:00]} e5 {[%emt 0:00:00]} 2. Nf3 {[%emt 0:00:00]} Nc6 {[%emt 0:00:00]} 3. Bb5 {[%emt 0:00:00]} a6 {[%emt 0:00:00]} 4. Ba4 {[%emt 0:00:00]} Nf6 {[%emt 0:00:00]} 5. O-O {[%emt 0:00:20]} Be7 {[%emt 0:00:05]} 6. d3 {[%emt 0:00:09]} b5 {[%emt 0:00:34]} 7. Bb3 {[%emt 0:00:04]} d6 {[%emt 0:00:07]} 8. a3 {[%emt 0:00:10]} O-O {[%emt 0:00:34]} 9. Nc3 {[%emt 0:00:05]} Nb8 {[%emt 0:09:14]} 10. Re1 {[%emt 0:01:03]} c6 {[%emt 0:04:01]} 11. Ne2 {[%emt 0:02:15]} Nh5 {[%emt 0:07:48]} 12. Ng3 {[%emt 0:16:30]} Nxg3 {[%emt 0:00:46]} 13. hxg3 {[%emt 0:02:43]} Bg4 {[%emt 0:01:42]} 14. Qe2 {[%emt 0:01:33]} Nd7 {[%emt 0:00:29]} 15. c3 {[%emt 0:04:19]} Nc5 {[%emt 0:07:34]} 16. Ba2 {[%emt 0:04:44]} Bf6 {[%emt 0:02:17]} 17. Qe3 {[%emt 0:04:19]} Re8 {[%emt 0:08:05]} 18. Nh2 {[%emt 0:03:11]} Bc8 {[%emt 0:18:42]} 19. f4 {[%emt 0:03:44]} Qe7 {[%emt 0:00:10]} 20. Nf3 {[%emt 0:03:12]} a5 {[%emt 0:05:13]} 21. f5 {[%emt 0:10:27]} a4 {[%emt 0:05:41]} 22. Nh2 {[%emt 0:04:31]} Qa7 {[%emt 0:10:43]} 23. Kh1 {[%emt 0:06:11]} d5 {[%emt 0:04:34]} 24. g4 {[%emt 0:02:51]} Bh4 {[%emt 0:04:06]} 25. g3 {[%emt 0:05:24]} Bd8 {[%emt 0:01:09]} 26. Nf3 {[%emt 0:06:04]} Bb6 {[%emt 0:01:26]} 27. Qe2 {[%emt 0:00:05]} Ba6 {[%emt 0:01:55]} 28. Rd1 {[%emt 0:07:58]} b4 {[%emt 0:02:05]} 29. axb4 {[%emt 0:08:49]} Nxe4 {[%emt 0:00:07]} 30. Kg2 {[%emt 0:00:02]} Nf2 {[%emt 0:00:11]} 31. c4 {[%emt 0:00:59]} Nxd1 {[%emt 0:00:21]} 32. Qxd1 {[%emt 0:00:04]} e4 {[%emt 0:00:55]} 33. dxe4 {[%emt 0:01:20]} dxe4 {[%emt 0:00:28]} 34. Ng5 {[%emt 0:01:24]} c5 {[%emt 0:03:53]} 35. Be3 {[%emt 0:01:45]} h6 {[%emt 0:00:46]} 36. Nh3 {[%emt 0:01:05]} cxb4 {[%emt 0:00:29]} 37. c5 {[%emt 0:00:36]} Bxc5 {[%emt 0:00:23]} 38. Bxc5 {[%emt 0:00:07]} Qxc5 {[%emt 0:00:08]} 39. Rc1 {[%emt 0:00:12]} Qe5 {[%emt 0:01:02]} 0-1

[Event "Fredericia IM 2019"]
[Site "Fredericia"]
[Date "2019.05.30"]
[Round "3.5"]
[White "Olsen, Filip Boe"]
[Black "Antonsen, Mikkel"]
[Result "1/2-1/2"]
[WhiteElo "2394"]
[BlackElo "2423"]
[Annotator "ChessBase"]
[PlyCount "85"]
[EventDate "2019.05.29"]
[EventType "tourn"]
[EventCountry "DEN"]
[SourceTitle "playchess.com"]
[Source "ChessBase"]
[SourceQuality "1"]
[TimeControl "40/5400+30:1800+30"]

1. d4 {[%emt 0:00:00]} Nf6 {[%emt 0:00:34]} 2. Nf3 {[%emt 0:00:14]} g6 {[%emt 0:00:29]} 3. c4 {[%emt 0:00:09]} Bg7 {[%emt 0:00:05]} 4. Nc3 {[%emt 0:00:08]} d5 {[%emt 0:00:04]} 5. Bf4 {[%emt 0:02:23]} O-O {[%emt 0:00:46]} 6. e3 {[%emt 0:00:21]} c5 {[%emt 0:00:14]} 7. dxc5 {[%emt 0:00:09]} Ne4 {[%emt 0:00:32]} 8. Be5 {[%emt 0:17:38]} Bxe5 {[%emt 0:00:29]} 9. Nxe5 {[%emt 0:00:28]} Nxc3 {[%emt 0:00:07]} 10. bxc3 {[%emt 0:00:08]} Qa5 {[%emt 0:02:22]} 11. Qb3 {[%emt 0:05:18]} Nc6 {[%emt 0:02:28]} 12. Nxc6 {[%emt 0:06:03]} bxc6 {[%emt 0:00:29]} 13. Qb4 {[%emt 0:02:19]} Qc7 {[%emt 0:00:17]} 14. Be2 {[%emt 0:02:30]} a5 {[%emt 0:10:52]} 15. Qb6 {[%emt 0:05:38]} Qe5 {[%emt 0:00:19]} 16. O-O {[%emt 0:00:32]} Ba6 {[%emt 0:00:02]} 17. Rfe1 {[%emt 0:08:01]} Bxc4 {[%emt 0:02:16]} 18. Bxc4 {[%emt 0:04:04]} dxc4 {[%emt 0:00:09]} 19. Red1 {[%emt 0:04:56]} Qxc3 {[%emt 0:06:15]} 20. Qxc6 {[%emt 0:04:00]} Rad8 {[%emt 0:08:10]} 21. Rdc1 {[%emt 0:08:57]} Qe5 {[%emt 0:02:27]} 22. Qb5 {[%emt 0:03:19]} c3 {[%emt 0:00:52]} 23. Qc4 {[%emt 0:01:27]} Rd2 {[%emt 0:03:29]} 24. Rxc3 {[%emt 0:02:43]} Rfd8 {[%emt 0:00:02]} 25. Rf1 {[%emt 0:03:08]} Rxa2 {[%emt 0:01:28]} 26. c6 {[%emt 0:02:39]} Ra4 {[%emt 0:03:40]} 27. c7 {[%emt 0:02:01]} Rc8 {[%emt 0:00:04]} 28. Qc6 {[%emt 0:02:23]} Rb4 {[%emt 0:01:45]} 29. Rd1 {[%emt 0:02:35]} Kg7 {[%emt 0:00:05]} 30. g3 {[%emt 0:01:04]} Rb6 {[%emt 0:04:49]} 31. Qc5 {[%emt 0:05:50]} Qxc5 {[%emt 0:00:53]} 32. Rxc5 {[%emt 0:00:01]} Rb7 {[%emt 0:00:10]} 33. Rd7 {[%emt 0:00:49]} e6 {[%emt 0:00:59]} 34. Rc4 {[%emt 0:01:28]} Rb4 {[%emt 0:01:29]} 35. Rc3 {[%emt 0:00:37]} Rb7 {[%emt 0:00:10]} 36. e4 {[%emt 0:00:50]} Kf6 {[%emt 0:03:15]} 37. Rc5 {[%emt 0:01:39]} a4 {[%emt 0:00:56]} 38. e5+ {[%emt 0:00:11]} Kg7 {[%emt 0:00:15]} 39. Rc3 {[%emt 0:00:59]} a3 {[%emt 0:00:24]} 40. Rxa3 {[%emt 0:01:36]} Rbxc7 {[%emt 0:00:24]} 41. Rxc7 {[%emt 0:30:14]} Rxc7 {[%emt 0:30:03]} 42. Kg2 {[%emt 0:00:33]} g5 {[%emt 0:00:50]} 43. g4 {[%emt 0:00:00]} 1/2-1/2

[Event "Fredericia IM 2019"]
[Site "Fredericia"]
[Date "2019.05.31"]
[Round "4.1"]
[White "Vasli, Aref"]
[Black "Sorensen, Hampus"]
[Result "1-0"]
[WhiteElo "2346"]
[BlackElo "2343"]
[Annotator "TA"]
[PlyCount "85"]
[EventDate "2019.05.29"]
[EventType "tourn"]
[EventCountry "DEN"]
[SourceTitle "playchess.com"]
[Source "ChessBase"]
[SourceQuality "1"]

{[%evp 21,85,0,0,0,0,8,8,1,12,0,0,8,0,0,0,0,0,0,0,-17,0,-30,-26,-38,0,0,0,0,0,0,0,0,0,-16,13,9,12,9,8,19,18,-37,0,0,35,35,32,16,40,48,421,524,2000,1887,6307,6101,29985,29986,29986,6411,29987,29988,29988,29989,29998,29999]} 1. e4 e5 2. Nf3 Nc6 3. Bb5 a6 4. Ba4 Nf6 5. O-O b5 6. Bb3 Bc5 7. c3 d6 8. d4 Bb6 9. h3 O-O 10. Re1 h6 11. a4 Bb7 12. dxe5 {C78: Ruy Lopez: Archangelsk and Möller Defences} Nxe5 13. Nxe5 dxe5 14. Qf3 {The position is equal.} Kh8 15. a5 $146 ({Predecessor:} 15. Nd2 Nxe4 16. Nxe4 f5 17. Qh5 fxe4 18. Be3 Qf6 19. Bxb6 Qxb6 20. Re2 Rf4 21. Qxe5 Raf8 22. a5 Qc6 23. Rd1 R4f6 24. Qe7 Re8 {½-½ (24) Safin,A (2153)-Gareyev,T (2614) Irvine 2010}) 15... Bc5 16. Bc2 Nh7 17. Qg3 Qf6 18. Nd2 Ng5 19. Nf1 Rad8 20. h4 Ne6 21. Nh2 Bd6 22. Be3 Qe7 23. Nf3 Nf4 24. Bxf4 exf4 25. Qg4 {White wants to play e5.} Be5 26. Qf5 f6 27. Bb3 Rd6 28. Rad1 Bc8 29. Qg6 Rfd8 30. Rxd6 Rxd6 31. Nd4 ({Better is} 31. Rd1 $11) 31... Bxd4 (31... c5 $5 {[%cal Rc5d4]} 32. Nf3 (32. Nf5 Bxf5 33. Qxf5 c4 $11) 32... c4 $15) 32. cxd4 $40 {[%mdl 128] White has some attack.} Be6 33. Bxe6 Qxe6 $14 {[%mdl 4096] Endgame KQR-KQR} 34. Rc1 c6 35. d5 Qd7 $2 {[%mdl 8192] [#]} (35... cxd5 $14 36. Rc7 Qg8) 36. e5 $1 $18 {[%cal Re5d6][%mdl 512]} fxe5 37. dxc6 Rd1+ 38. Kh2 Qd8 39. Rxd1 Qxd1 40. Qe8+ {[%mdl 64] Double Attack} Kh7 41. c7 {White mates.} Qc2 42. c8=Q Qxf2 43. Qf5+ {[%mdl 64] Double Attack. Accuracy: White = 67%, Black = 41%.} 1-0